000 00834fam a22002535a 4500
005 20260322212059.0
008 data
010 _a 98055218
020 _a0471183636 (pbk. : alk. paper)
020 _a9780471183631 (pbk. : alk. paper)
040 _aDLC
_cDLC
_dCtY-M
042 _apcc
050 0 0 _aRC569
_b.S46 1999
096 _aWM 165 S539p 1999
100 1 _aShea, Shawn C.
245 1 4 _aThe practical art of suicide assessment :
_ba guide for mental health professionals and substance abuse counselors /
_cShawn C. Shea.
260 _aNew York :
_bJohn Wiley & Sons,
_c1999.
300 _axvii, 254 p. ;
_c24 cm.
504 _aIncludes bibliographical references and index.
590 _aIncludes bibliographical references and index.
650 0 _aSuicide
_xRisk factors.
650 0 _aSuicide
_xPrevention.
001 data
999 _c1406
_d1406